| 000 | 00745nam a22002531i 4500 | ||
|---|---|---|---|
| 001 | 18678 | ||
| 003 | ES-MaACL | ||
| 005 | 20250929063050.0 | ||
| 007 | t| | ||
| 008 | 020228s1980 sp ||||0| spa j | ||
| 020 | _a84-320-5662-6 | ||
| 040 |
_aM-BN _bspa _cA2 |
||
| 080 | _a92 Franco Bahamonde (Familia) | ||
| 100 | 1 |
_aFranco, Pilar, _d1895-1989 _9171778 |
|
| 245 | 1 | 0 |
_aNosotros, los Franco / _cPilar Franco. |
| 250 | _a2ª ed. | ||
| 260 |
_aBarcelona : _bPlaneta, _c1980. |
||
| 300 |
_a264 p., 1 h : _bil ; _c25 cm. |
||
| 490 | 1 |
_aEspejo de España ; _v62 |
|
| 600 | 3 | 4 |
_aFranco Bahamonde (Familia) _952246 |
| 830 | 0 |
_aEspejo de España ; _v62 _9177692 |
|
| 852 |
_aES-MaACL _jG-4653 _bR.131018 |
||
| 999 |
_c18678 _d18678 |
||